01208 a2200193 4500003000500000005001700005010001600022020001500038040000900053082001100062100002000073245008700093260004300180300004800223505060800271650003700879650003700916651006100953Nust20230130131940.0 a 81138581 a0283986824 cNust00a909.811 aTerraine, John.14aThe smoke and the fire :bmyths and anti-myths of war, 1861-1945 /cJohn Terraine. aLondon :bSidgwick and Jackson,c1980. a240 p., [16] p. of plates :bill. ;c25 cm. aMyth and Legend (Page-17), The Smoke and The Fire (Page-22), The Great Casualty Myth (Page-35), An Aside on Casualties (Page-40), Anti-Myth (Page-43), Myth Making (Page-48), Anti-Myth (Page-63), Anti-Myth (Page-67), Aside (Page-84), Anti-Myth (Page-89), A Fount of Myth (Page-100), Anti-Myth (Page-111), Anti-Myth (Page-127), Somme Myths (Page-130), Somme Myths (Page-143), Somme Myths (Page-148), Somme Myths (Page-161), Anti-Myth (Page-168), Somme Myths (Page-170), Anti-Myth (Page-182), Myths and Anti-Myth (Page-187), The Futile Myth (Page-204), Anti-Myth (Page-219), The Futile Myth (Page-220). 0aWorld War, 1914-1918xCampaigns. 0aWorld War, 1939-1945xCampaigns. 0aUnited StatesxHistoryyCivil War, 1861-1865xCampaigns.